[Event "FBL W"]
[Site "?"]
[Date "2018.10.28"]
[Round "2.4"]
[White "Fett, Sabine"]
[Black "Stoer, Agnes"]
[Result "1/2-1/2"]
[WhiteElo "1724"]
[BlackElo "1893"]
[PlyCount "79"]
[EventDate "2018.10.27"]
[EventType "team-tourn"]
[EventCountry "GER"]
[WhiteTeam "Luebeck SV"]
[BlackTeam "Muelheim SV Nord"]
[WhiteTeamCountry "GER"]
[BlackTeamCountry "GER"]

1. e4 e5 2. Nf3 Nc6 3. d4 exd4 4. Bc4 Be7 5. c3 Na5 6. Qxd4 Nxc4 7. Qxc4 d6 8.
Be3 Be6 9. Qd3 c5 10. Nbd2 a6 11. O-O h6 12. Ne1 Qd7 13. f4 f5 14. Nef3 fxe4
15. Qxe4 Bf5 16. Qd5 Nf6 17. Qb3 b5 18. c4 Be6 19. Qc2 O-O 20. Bf2 Rab8 21. Bg3
Nh5 22. Nh4 Bxh4 23. Bxh4 Rxf4 24. Rxf4 Nxf4 25. b3 Bf5 26. Qd1 d5 27. Qf3 Ng6
28. Bg3 Rd8 29. cxd5 Qxd5 30. Qxd5+ Rxd5 31. Nf3 Kf7 32. Rc1 Ke6 33. Bf2 Nf4
34. Rxc5 Rd1+ 35. Be1 Nd3 36. Nd4+ Kd6 37. Rxf5 Nxe1 38. Kf2 Nxg2 39. Nxb5+
axb5 40. Kxg2 1/2-1/2

[Event "FBL W"]
[Site "?"]
[Date "2018.10.28"]
[Round "2.6"]
[White "Braeutigam, Katerina"]
[Black "Roitburd, Swetlana"]
[Result "1/2-1/2"]
[WhiteElo "1696"]
[BlackElo "1699"]
[PlyCount "110"]
[EventDate "2018.10.27"]
[EventType "team-tourn"]
[EventCountry "GER"]
[WhiteTeam "Luebeck SV"]
[BlackTeam "Muelheim SV Nord"]
[WhiteTeamCountry "GER"]
[BlackTeamCountry "GER"]

1. c4 Nf6 2. g3 g6 3. Bg2 Bg7 4. Nc3 O-O 5. e3 d6 6. Nge2 c5 7. O-O Nc6 8. d4
cxd4 9. exd4 Rb8 10. b3 Bf5 11. Be3 Nb4 12. Qd2 Nc2 13. Rac1 Nxe3 14. Qxe3 Re8
15. Rcd1 Qc8 16. Rfe1 a6 17. Rc1 Ng4 18. Qd2 Bh6 19. f4 Nf6 20. Nd5 Nxd5 21.
Bxd5 e5 22. Bg2 Bg4 23. Nc3 exf4 24. Nd5 Rxe1+ 25. Rxe1 Kg7 26. Nxf4 Bf5 27.
Qf2 b5 28. cxb5 axb5 29. Nd5 Qd8 30. Ne7 Bd7 31. Bd5 Qf8 32. Bg2 Bg5 33. Nd5
Be6 34. Nc7 Bd7 35. Rf1 Rc8 36. Nd5 Bf5 37. Ne3 Be6 38. h4 Bd8 39. Qf4 Bb6 40.
Qf6+ Kg8 41. Kh2 Qg7 42. Qxg7+ Kxg7 43. Rd1 Rc3 44. Nf1 Rc2 45. d5 Bg4 46. Rd2
Rc3 47. Be4 b4 48. Kg2 f5 49. Bd3 Rc1 50. Be2 h5 51. Bc4 Bc5 52. Bb5 Rc3 53.
Bd3 Kf6 54. Bc4 Rc1 55. Bb5 Bb6 1/2-1/2

[Event "FBL W"]
[Site "?"]
[Date "2018.11.17"]
[Round "3.1"]
[White "Leveikina, Jevgenija"]
[Black "Kickert, Germaine Helene"]
[Result "1-0"]
[WhiteElo "2106"]
[BlackElo "1983"]
[PlyCount "93"]
[EventDate "2018.10.27"]
[EventType "team-tourn"]
[EventCountry "GER"]
[WhiteTeam "Bochum SV Wattenscheid"]
[BlackTeam "Delmenhorster SK"]
[WhiteTeamCountry "GER"]
[BlackTeamCountry "GER"]

1. d4 Nf6 2. Nf3 g6 3. g3 Bg7 4. Bg2 O-O 5. O-O d6 6. c3 Nc6 7. Nbd2 e5 8. dxe5
dxe5 9. e4 Qe7 10. Qc2 a5 11. b3 b5 12. a4 b4 13. c4 Nd7 14. Bb2 Nc5 15. Rad1
Bb7 16. Rfe1 Rad8 17. Nf1 Nd4 18. Bxd4 exd4 19. N3d2 Rfe8 20. Qb1 Qd7 21. h3
Qc6 22. Bf3 Be5 23. Nh2 h5 24. Kg2 Bc8 25. Rh1 Be6 26. Nhf1 Ra8 27. Re1 Reb8
28. Bd1 Nxa4 29. bxa4 Bxc4 30. Nxc4 Qxc4 31. Bb3 Qa6 32. Nd2 c5 33. Bd5 Ra7 34.
Nc4 Bc7 35. Qb3 Qf6 36. e5 Qd8 37. Be4 Ra6 38. f4 Qd7 39. Rhf1 Re8 40. Nb2 Kg7
41. Qc4 Rae6 42. Bd5 R6e7 43. Qxc5 Bxe5 44. Bc6 Rc8 45. Rxe5 Rxe5 46. Qxe5+ f6
47. Bxd7 1-0

[Event "FBL W"]
[Site "?"]
[Date "2018.11.17"]
[Round "3.2"]
[White "Moenster, Madita"]
[Black "Plass, Mariana Camelia"]
[Result "0-1"]
[WhiteElo "1922"]
[BlackElo "2041"]
[PlyCount "76"]
[EventDate "2018.10.27"]
[EventType "team-tourn"]
[EventCountry "GER"]
[WhiteTeam "Delmenhorster SK"]
[BlackTeam "Bochum SV Wattenscheid"]
[WhiteTeamCountry "GER"]
[BlackTeamCountry "GER"]

1. e4 c5 2. Nf3 a6 3. c3 Nf6 4. Bd3 Nc6 5. Bc2 e6 6. O-O Be7 7. Re1 h6 8. d4
cxd4 9. cxd4 Nb4 10. Bb3 d5 11. e5 Ne4 12. Nc3 Ng5 13. Be3 Bd7 14. a3 Nxf3+ 15.
Qxf3 Nc6 16. Qg4 g6 17. Bc2 h5 18. Qd1 Kf8 19. Qd2 Kg7 20. Ne2 Na7 21. b3 Rc8
22. Rec1 Qb6 23. Bg5 Bxg5 24. Qxg5 Qd8 25. Qf4 Bb5 26. Qf3 Bxe2 27. Qxe2 Qg5
28. Qe1 b6 29. a4 Nc6 30. Qd1 a5 31. Bb1 Nxd4 32. Rxc8 Rxc8 33. Bd3 Qxe5 34.
Ba6 Rc3 35. Rc1 Rxc1 36. Qxc1 Nxb3 37. Qb1 Qa1 38. Qxa1+ Nxa1 0-1

[Event "FBL W"]
[Site "?"]
[Date "2018.11.17"]
[Round "3.3"]
[White "Schmidt, Andrea"]
[Black "Wollscheid, Stefanie"]
[Result "1-0"]
[WhiteElo "2002"]
[BlackElo "1786"]
[PlyCount "101"]
[EventDate "2018.10.27"]
[EventType "team-tourn"]
[EventCountry "GER"]
[WhiteTeam "Bochum SV Wattenscheid"]
[BlackTeam "Delmenhorster SK"]
[WhiteTeamCountry "GER"]
[BlackTeamCountry "GER"]

1. e4 c5 2. Nf3 d6 3. Bc4 e6 4. O-O Be7 5. d4 cxd4 6. Nxd4 Nf6 7. Nc3 O-O 8.
Kh1 e5 9. Nde2 Bg4 10. f3 Bh5 11. Be3 Qc7 12. Bb3 Nc6 13. Qe1 a6 14. Qf2 b5 15.
a3 Rab8 16. g4 Bg6 17. h4 h6 18. Rg1 Qd7 19. Qg3 Rfc8 20. Kh2 Kf8 21. h5 Bh7
22. Nd5 Nxd5 23. Bxd5 Nd4 24. Nxd4 exd4 25. Bxd4 Rxc2+ 26. Rg2 Rbc8 27. Bc3
Rxg2+ 28. Kxg2 Qd8 29. Rd1 Qc7 30. Rd2 a5 31. Qf2 Bg5 32. f4 Bf6 33. Bxf6 gxf6
34. Qd4 Kg7 35. g5 hxg5 36. fxg5 Qe7 37. Rf2 Kg8 38. g6 Kg7 39. gxh7 Kxh7 40.
Qxf6 Rg8+ 41. Kf1 Qxf6 42. Rxf6 Rg5 43. Rxf7+ Kh6 44. Rf6+ Kxh5 45. Rf5 Rxf5+
46. exf5 Kg5 47. Be6 d5 48. Ke2 Kf6 49. Kd3 Ke5 50. b4 axb4 51. axb4 1-0

[Event "FBL W"]
[Site "?"]
[Date "2018.11.17"]
[Round "3.4"]
[White "Wenke, Andrea"]
[Black "Wirths, Clara"]
[Result "0-1"]
[WhiteElo "1764"]
[BlackElo "1981"]
[PlyCount "92"]
[EventDate "2018.10.27"]
[EventType "team-tourn"]
[EventCountry "GER"]
[WhiteTeam "Delmenhorster SK"]
[BlackTeam "Bochum SV Wattenscheid"]
[WhiteTeamCountry "GER"]
[BlackTeamCountry "GER"]

1. e4 c5 2. Nf3 Nc6 3. d4 cxd4 4. Nxd4 Nf6 5. Nc3 e5 6. Nf3 Bb4 7. Bd3 d5 8.
exd5 Nxd5 9. Bd2 Nxc3 10. Bxc3 Bxc3+ 11. bxc3 O-O 12. O-O Qf6 13. Be4 Bf5 14.
Qe2 Bxe4 15. Qxe4 Qg6 16. Qa4 f6 17. Rfd1 Rfd8 18. Qb3+ Qf7 19. a4 b6 20. Qb5
Na5 21. Nd2 Rd5 22. Qe2 Rad8 23. Ne4 Qd7 24. Rxd5 Qxd5 25. Kf1 Qc4 26. Ke1
Qxe2+ 27. Kxe2 Kf7 28. Rd1 Rxd1 29. Kxd1 Nc4 30. Kc1 Ke6 31. Nd2 Nxd2 32. Kxd2
Kd5 33. Kd3 f5 34. f3 Kc5 35. h3 Kd5 36. g4 g6 37. c4+ Kc5 38. c3 h6 39. h4 h5
40. g5 a6 41. Kd2 Kxc4 42. Kc2 a5 43. Kd2 b5 44. axb5 Kxb5 45. Kd3 a4 46. c4+
Kb4 0-1

[Event "FBL W"]
[Site "?"]
[Date "2018.11.17"]
[Round "3.5"]
[White "Hiebsch, Catalina"]
[Black "Kohls, Vera"]
[Result "1/2-1/2"]
[WhiteElo "1801"]
[BlackElo "1729"]
[PlyCount "44"]
[EventDate "2018.10.27"]
[EventType "team-tourn"]
[EventCountry "GER"]
[WhiteTeam "Bochum SV Wattenscheid"]
[BlackTeam "Delmenhorster SK"]
[WhiteTeamCountry "GER"]
[BlackTeamCountry "GER"]

1. e4 e6 2. d4 d5 3. exd5 exd5 4. Nf3 Nf6 5. Bd3 Bd6 6. Bg5 h6 7. Bh4 O-O 8.
O-O Be6 9. Nbd2 Nbd7 10. Re1 c6 11. Ne5 Qb6 12. Nb3 Ne8 13. Ng6 fxg6 14. Rxe6
g5 15. Bg3 Bxg3 16. hxg3 Nef6 17. Bg6 Rfd8 18. Re7 a5 19. a4 Qb4 20. Qe2 Nf8
21. Bf7+ Kh8 22. f3 Ne4 1/2-1/2

[Event "FBL W"]
[Site "?"]
[Date "2018.11.17"]
[Round "3.6"]
[White "Koenig, Emmilie"]
[Black "Buechle, Regina"]
[Result "1/2-1/2"]
[WhiteElo "1479"]
[BlackElo "1847"]
[PlyCount "30"]
[EventDate "2018.10.27"]
[EventType "team-tourn"]
[EventCountry "GER"]
[WhiteTeam "Delmenhorster SK"]
[BlackTeam "Bochum SV Wattenscheid"]
[WhiteTeamCountry "GER"]
[BlackTeamCountry "GER"]

1. d4 d5 2. Bf4 Nf6 3. e3 c6 4. c3 Bf5 5. Bd3 Bxd3 6. Qxd3 e6 7. Nd2 Qb6 8. Rb1
c5 9. Ngf3 Nc6 10. h3 Be7 11. O-O O-O 12. Bg5 h6 13. Bh4 Rac8 14. Ne5 cxd4 15.
Bxf6 Bxf6 1/2-1/2

[Event "FBL W"]
[Site "?"]
[Date "2018.11.17"]
[Round "3.1"]
[White "Sokalskaja, Elena"]
[Black "Meyer, Bettina"]
[Result "1-0"]
[WhiteElo "2047"]
[BlackElo "1983"]
[PlyCount "57"]
[EventDate "2018.10.27"]
[EventType "team-tourn"]
[EventCountry "GER"]
[WhiteTeam "Muelheim SV Nord"]
[BlackTeam "Hamburger SK II"]
[WhiteTeamCountry "GER"]
[BlackTeamCountry "GER"]

1. d4 d5 2. Nf3 Nf6 3. c4 e6 4. Nc3 c6 5. Bg5 Be7 6. e3 O-O 7. Qc2 h6 8. Bh4
Nbd7 9. Bd3 Re8 10. O-O Qa5 11. a3 dxc4 12. Bxc4 Qh5 13. Ne2 Bd6 14. Ng3 Bxg3
15. Bxg3 Nb6 16. Bd3 Qd5 17. Ne5 Qd8 18. Rfd1 Nbd7 19. Nc4 a5 20. e4 Nb6 21.
Nd6 Re7 22. Rd2 Ne8 23. Nxe8 Qxe8 24. Rad1 a4 25. Bd6 Rd7 26. Bc5 Qd8 27. Qc3
Rb8 28. Qb4 Na8 29. Ba7 1-0

[Event "FBL W"]
[Site "?"]
[Date "2018.11.17"]
[Round "3.3"]
[White "Kinzel, Tiffany"]
[Black "Wulf, Constanze"]
[Result "0-1"]
[WhiteElo "1785"]
[BlackElo "1688"]
[PlyCount "52"]
[EventDate "2018.10.27"]
[EventType "team-tourn"]
[EventCountry "GER"]
[WhiteTeam "Muelheim SV Nord"]
[BlackTeam "Hamburger SK II"]
[WhiteTeamCountry "GER"]
[BlackTeamCountry "GER"]

1. d4 d5 2. e3 Bf5 3. c4 c6 4. Nc3 e6 5. Nf3 Nf6 6. Be2 Bd6 7. O-O h6 8. Nh4
Bh7 9. f4 O-O 10. Bd2 c5 11. b3 Nc6 12. Nb5 Be7 13. Nf3 dxc4 14. Bxc4 a6 15.
Nc3 cxd4 16. exd4 Nxd4 17. Ne5 b5 18. Be2 Bc5 19. Kh1 Rc8 20. Nf3 Nxe2 21. Nxe2
Ng4 22. Qe1 Qb6 23. Ba5 Qa7 24. h3 Ne3 25. Ned4 Bxd4 26. Nxd4 Qxd4 0-1

[Event "FBL W"]
[Site "?"]
[Date "2018.11.17"]
[Round "3.4"]
[White "Biebinger, Eva"]
[Black "Stoer, Agnes"]
[Result "1/2-1/2"]
[WhiteElo "1802"]
[BlackElo "1875"]
[PlyCount "86"]
[EventDate "2018.10.27"]
[EventType "team-tourn"]
[EventCountry "GER"]
[WhiteTeam "Hamburger SK II"]
[BlackTeam "Muelheim SV Nord"]
[WhiteTeamCountry "GER"]
[BlackTeamCountry "GER"]

1. c4 Nf6 2. Nc3 e5 3. g3 d5 4. cxd5 Nxd5 5. Bg2 c6 6. e4 Nb4 7. Bf1 Bc5 8. d3
Qb6 9. Qd2 Bd4 10. Nf3 Bg4 11. Nxd4 exd4 12. a3 Qa5 13. Rb1 dxc3 14. Qxc3 Nc2+
15. Kd2 Qxc3+ 16. bxc3 Nxa3 17. Bxa3 b6 18. Bg2 Nd7 19. f4 f6 20. Rhe1 O-O-O
21. Kc2 Rhe8 22. Re3 Kc7 23. d4 b5 24. Bb4 Nb6 25. h3 Nc4 26. Ree1 Bh5 27. Bf1
a5 28. Bc5 Nd6 29. g4 Bf7 30. Bxd6+ Kxd6 31. e5+ Kc7 32. exf6 gxf6 33. Bg2 Bg6+
34. f5 Bf7 35. Ra1 Rxe1 36. Rxe1 b4 37. cxb4 axb4 38. Re7+ Rd7 39. Rxd7+ Kxd7
40. Be4 Kd6 41. h4 h6 42. Bf3 Bc4 43. Kd2 Bf7 1/2-1/2

[Event "FBL W"]
[Site "?"]
[Date "2018.11.17"]
[Round "3.5"]
[White "Frank, Carolin"]
[Black "Hoefner, Nina"]
[Result "1/2-1/2"]
[WhiteElo "1611"]
[BlackElo "1589"]
[PlyCount "86"]
[EventDate "2018.10.27"]
[EventType "team-tourn"]
[EventCountry "GER"]
[WhiteTeam "Muelheim SV Nord"]
[BlackTeam "Hamburger SK II"]
[WhiteTeamCountry "GER"]
[BlackTeamCountry "GER"]

1. Nf3 Nf6 2. g3 g6 3. b3 Bg7 4. Bb2 d6 5. d4 O-O 6. Bg2 Nbd7 7. O-O Nh5 8. e4
e5 9. dxe5 Nxe5 10. Nxe5 dxe5 11. Nd2 Qe7 12. Bf3 Nf6 13. Nc4 Rd8 14. Qe2 Ne8
15. Ba3 Nd6 16. Rfd1 Qf6 17. Ne3 Be6 18. Bxd6 Rxd6 19. Rxd6 cxd6 20. Bg4 h5 21.
Bxe6 Qxe6 22. Nd5 Rc8 23. Rd1 Bf8 24. Rd2 Bh6 25. Rd3 Bf8 26. Qd2 Rd8 27. Rc3
f5 28. Qg5 Rb8 29. Nf6+ Kf7 30. Rc7+ Be7 31. Nd5 Re8 32. Nxe7 Rxe7 33. Rxe7+
Qxe7 34. Qxe7+ Kxe7 35. exf5 gxf5 36. c4 Ke6 37. Kf1 d5 38. cxd5+ Kxd5 39. Ke2
Ke4 40. f3+ Kd4 41. Kd2 e4 42. fxe4 Kxe4 43. Ke2 f4 1/2-1/2

[Event "FBL W"]
[Site "?"]
[Date "2018.11.17"]
[Round "3.1"]
[White "Michna, Marta"]
[Black "Bork, Sophie"]
[Result "1-0"]
[WhiteElo "2327"]
[BlackElo "1859"]
[PlyCount "71"]
[EventDate "2018.10.27"]
[EventType "team-tourn"]
[EventCountry "GER"]
[WhiteTeam "Kiel SK Doppelbauer"]
[BlackTeam "Paderborn SK Blauer Springer"]
[WhiteTeamCountry "GER"]
[BlackTeamCountry "GER"]

1. Nf3 d5 2. d3 Nf6 3. Nbd2 e6 4. e4 c5 5. Be2 Nc6 6. O-O Be7 7. c3 O-O 8. a4
b6 9. Re1 Ba6 10. e5 Nd7 11. Bf1 Qc7 12. Qe2 Rae8 13. g3 f5 14. Nb1 Qd8 15. h4
d4 16. Bf4 Bb7 17. Nbd2 dxc3 18. bxc3 Na5 19. Nc4 Nxc4 20. dxc4 Qc7 21. Bg2 Nb8
22. a5 bxa5 23. Qa2 Nc6 24. Nd2 Rd8 25. Rab1 Ba8 26. Nf1 Rd3 27. Ne3 Rfd8 28.
Nd5 exd5 29. cxd5 Kh8 30. d6 Bxd6 31. exd6 Qd7 32. Qc4 Rxd6 33. Bxd6 Qxd6 34.
Re6 Qd7 35. Rbe1 h6 36. Qxc5 1-0

[Event "FBL W"]
[Site "?"]
[Date "2018.11.17"]
[Round "3.2"]
[White "Browning, Rebecca"]
[Black "Kopylov, Luba"]
[Result "1/2-1/2"]
[WhiteElo "1836"]
[BlackElo "2076"]
[PlyCount "123"]
[EventDate "2018.10.27"]
[EventType "team-tourn"]
[EventCountry "GER"]
[WhiteTeam "Paderborn SK Blauer Springer"]
[BlackTeam "Kiel SK Doppelbauer"]
[WhiteTeamCountry "GER"]
[BlackTeamCountry "GER"]

1. e4 Nf6 2. e5 Nd5 3. Nf3 d6 4. exd6 exd6 5. d4 Bf5 6. c3 h6 7. Be2 Nd7 8. O-O
Be7 9. Na3 N7f6 10. Nc2 O-O 11. Bd3 Qd7 12. c4 Nb6 13. d5 Bxd3 14. Qxd3 Na4 15.
Ncd4 Nh7 16. b3 Nc5 17. Qc2 a5 18. Bb2 Bf6 19. Bc3 Qg4 20. Rfe1 b6 21. h3 Qh5
22. Nc6 Rfe8 23. Nd2 Bxc3 24. Qxc3 Nf6 25. f3 Qh4 26. Nf1 Nh5 27. Re3 Nf4 28.
Qe1 Qxe1 29. Raxe1 Kf8 30. Rxe8+ Rxe8 31. Rxe8+ Kxe8 32. Nd4 Nfd3 33. a4 Ke7
34. Nd2 Kf6 35. Nb5 Na6 36. Kf1 h5 37. Ke2 Nf4+ 38. Kf2 h4 39. Ne4+ Ke5 40. Ng5
f5 41. Nh7 g6 42. Na7 Kd4 43. Nb5+ Kc5 44. Nf8 Kb4 45. Ne6 Nd3+ 46. Ke3 Ndc5
47. Nexc7 Nxc7 48. Nxc7 Kxb3 49. Kd4 Kxa4 50. Kc3 Nb7 51. Nb5 g5 52. Nd4 Ka3
53. Nxf5 a4 54. Nd4 Ka2 55. Nb5 a3 56. Kb4 Nc5 57. Nxa3 Nd3+ 58. Kc3 Kxa3 59.
Kxd3 Kb3 60. Kd4 Kb4 61. Kd3 Kb3 62. Kd4 1/2-1/2

[Event "FBL W"]
[Site "?"]
[Date "2018.11.17"]
[Round "3.3"]
[White "Rath, Alina"]
[Black "Moeller, Lisa Marie"]
[Result "1-0"]
[WhiteElo "2034"]
[BlackElo "1868"]
[PlyCount "107"]
[EventDate "2018.10.27"]
[EventType "team-tourn"]
[EventCountry "GER"]
[WhiteTeam "Kiel SK Doppelbauer"]
[BlackTeam "Paderborn SK Blauer Springer"]
[WhiteTeamCountry "GER"]
[BlackTeamCountry "GER"]

1. c4 e5 2. Nc3 Nf6 3. g3 d5 4. cxd5 Nxd5 5. Bg2 Nb6 6. Nf3 Nc6 7. O-O Be6 8.
d3 Be7 9. a3 O-O 10. Be3 Re8 11. Rc1 f6 12. Na4 Nxa4 13. Qxa4 Qd7 14. Rfd1 a6
15. b4 Red8 16. Qc2 Bd6 17. d4 exd4 18. Bxd4 Nxd4 19. Nxd4 c6 20. Rd3 Rac8 21.
Rcd1 Qe7 22. Re3 Be5 23. Nxe6 Qxe6 24. Rxd8+ Rxd8 25. Be4 h6 26. Kg2 Qd6 27. f4
Bd4 28. Rd3 Qe6 29. Kf3 f5 30. Rxd4 Rxd4 31. Bxf5 Qd5+ 32. e4 Qd6 33. Qa2+ Kf8
34. Bh7 Rd3+ 35. Kg4 h5+ 36. Kh3 Qd7+ 37. f5 Qf7 38. Qe2 Rxa3 39. Bg6 Qf6 40.
Qxh5 Ke7 41. Qh8 Qf8 42. Qh4+ Qf6 43. Qf4 Qd4 44. Qb8 Qd7 45. e5 Re3 46. Bh7 b5
47. Bg6 Re1 48. g4 Re3+ 49. Kh4 Ra3 50. Qg8 Ra4 51. Qxg7+ Kd8 52. Qf8+ Kc7 53.
f6 Ra2 54. Bf5 1-0

[Event "FBL W"]
[Site "?"]
[Date "2018.11.17"]
[Round "3.4"]
[White "Schrader, Elanor"]
[Black "Silz, Elisa"]
[Result "1-0"]
[WhiteElo "1790"]
[BlackElo "1995"]
[PlyCount "63"]
[EventDate "2018.10.27"]
[EventType "team-tourn"]
[EventCountry "GER"]
[WhiteTeam "Paderborn SK Blauer Springer"]
[BlackTeam "Kiel SK Doppelbauer"]
[WhiteTeamCountry "GER"]
[BlackTeamCountry "GER"]

1. e4 c5 2. Nf3 d6 3. d4 cxd4 4. Nxd4 Nf6 5. Nc3 a6 6. Bg5 e6 7. Bd3 Nbd7 8.
O-O Be7 9. Kh1 O-O 10. f4 Qc7 11. Qe1 Re8 12. Rf3 b5 13. Qh4 Nf8 14. e5 Nd5 15.
f5 dxe5 16. fxe6 fxe6 17. Nxd5 exd5 18. Rxf8+ Kxf8 19. Rf1+ Bf6 20. Bxf6 gxf6
21. Bxh7 f5 22. Nxf5 Bxf5 23. Rxf5+ Kg7 24. Rg5+ Kf7 25. Qh5+ Ke6 26. Qh6+ Kd7
27. Bf5+ Kd8 28. Rg7 Qc5 29. Qf6+ Re7 30. Rg8+ Kc7 31. Rxa8 Qb4 32. Rc8+ 1-0

[Event "FBL W"]
[Site "?"]
[Date "2018.11.17"]
[Round "3.5"]
[White "Gressmann, Hanna"]
[Black "Walow, Xenia"]
[Result "1-0"]
[WhiteElo "1833"]
[BlackElo "1742"]
[PlyCount "87"]
[EventDate "2018.10.27"]
[EventType "team-tourn"]
[EventCountry "GER"]
[WhiteTeam "Kiel SK Doppelbauer"]
[BlackTeam "Paderborn SK Blauer Springer"]
[WhiteTeamCountry "GER"]
[BlackTeamCountry "GER"]

1. e4 c5 2. Nc3 Nc6 3. f4 g6 4. Nf3 Bg7 5. Bc4 e6 6. O-O d6 7. d3 a6 8. Qe1 b5
9. Bb3 b4 10. Ne2 Nge7 11. Qh4 Bd7 12. Kh1 Na5 13. Rb1 Nxb3 14. axb3 Nc6 15.
Qg3 O-O 16. f5 Ne5 17. Bg5 f6 18. Nxe5 dxe5 19. Be3 exf5 20. Bxc5 Rf7 21. Bxb4
Qb6 22. Bc3 fxe4 23. dxe4 Bc6 24. Qg4 Bb5 25. Rfe1 Rd8 26. Ng3 Rfd7 27. Ra1 Qc6
28. Ba5 Qxc2 29. Bxd8 Rxd8 30. Rad1 Re8 31. Qf3 Qxb2 32. Nf1 Kf7 33. Rb1 Qd4
34. Red1 Qb4 35. Ne3 Rc8 36. Nd5 Qc5 37. h3 Qa7 38. Rbc1 Qb7 39. Qe3 Qd7 40.
Rxc8 Qxc8 41. Rc1 Qd8 42. Qa7+ Kg8 43. Ne7+ Kf7 44. Nc6+ 1-0

[Event "FBL W"]
[Site "?"]
[Date "2018.11.17"]
[Round "3.2"]
[White "Engels, Natia"]
[Black "Glinzner, Alva"]
[Result "1-0"]
[WhiteElo "2146"]
[BlackElo "1899"]
[PlyCount "95"]
[EventDate "2018.10.27"]
[EventType "team-tourn"]
[EventCountry "GER"]
[WhiteTeam "Steinfurt SC"]
[BlackTeam "Luebeck SV"]
[WhiteTeamCountry "GER"]
[BlackTeamCountry "GER"]

1. d4 Nf6 2. c4 e6 3. Nc3 Bb4 4. Qc2 d5 5. e3 O-O 6. Nf3 Nbd7 7. Bd3 c6 8. O-O
Re8 9. Ne5 Qc7 10. f4 b6 11. cxd5 exd5 12. Nb5 Qb7 13. Nxc6 Bf8 14. Ne5 Re7 15.
Bd2 h6 16. Rac1 Nxe5 17. fxe5 Ne8 18. Bb4 Be6 19. Bxe7 Bxe7 20. Bh7+ Kh8 21.
Bf5 a6 22. Nc3 Qd7 23. Bxe6 Qxe6 24. Qf5 Bg5 25. Rce1 Kg8 26. g3 g6 27. Qf3 Rd8
28. h4 Be7 29. Ne2 Ng7 30. Nf4 Qd7 31. e6 fxe6 32. Nxg6 Bd6 33. g4 Qa4 34. Qf7+
Kh7 35. Nf4 Qc2 36. Rf2 Qe4 37. h5 Rc8 38. Qg6+ Qxg6 39. hxg6+ Kg8 40. Ref1 Re8
41. Rc2 Be7 42. Rc6 Bd8 43. Kg2 a5 44. Rh1 Kf8 45. Rxh6 Ke7 46. Rh7 Kf6 47. g5+
Kxg5 48. Rxg7 1-0

[Event "FBL W"]
[Site "?"]
[Date "2018.11.17"]
[Round "3.3"]
[White "Mundt, Alexandra"]
[Black "Miljkovic, Jovana"]
[Result "1/2-1/2"]
[WhiteElo "1674"]
[BlackElo "2009"]
[PlyCount "61"]
[EventDate "2018.10.27"]
[EventType "team-tourn"]
[EventCountry "GER"]
[WhiteTeam "Luebeck SV"]
[BlackTeam "Steinfurt SC"]
[WhiteTeamCountry "GER"]
[BlackTeamCountry "GER"]

1. e4 c5 2. c3 Nf6 3. e5 Nd5 4. Bc4 Nb6 5. Bb3 c4 6. Bc2 Nc6 7. Nf3 g6 8. O-O
Bg7 9. Re1 O-O 10. b3 d6 11. exd6 exd6 12. Ba3 Qf6 13. Qe2 cxb3 14. axb3 Bd7
15. d4 Rae8 16. Qd1 Rxe1+ 17. Nxe1 Nd5 18. Ra2 Re8 19. Bb2 Qe7 20. Nf3 Bh6 21.
Nbd2 Bg5 22. Qf1 Nf4 23. h3 Bc8 24. Ra1 d5 25. Ba3 Ne2+ 26. Kh1 Qd8 27. Bb2 Qe7
28. Ba3 Qd8 29. Bb2 Qe7 30. Ba3 Qd8 31. Bb2 1/2-1/2

[Event "FBL W"]
[Site "?"]
[Date "2018.11.17"]
[Round "3.4"]
[White "Tempelman, Kristianne"]
[Black "Fett, Sabine"]
[Result "1-0"]
[WhiteElo "1957"]
[BlackElo "1722"]
[PlyCount "65"]
[EventDate "2018.10.27"]
[EventType "team-tourn"]
[EventCountry "GER"]
[WhiteTeam "Steinfurt SC"]
[BlackTeam "Luebeck SV"]
[WhiteTeamCountry "GER"]
[BlackTeamCountry "GER"]

1. d4 c5 2. d5 d6 3. c4 g6 4. Nc3 Bg7 5. Nf3 Nf6 6. e4 e5 7. dxe6 Bxe6 8. Bf4
Qa5 9. Bd3 O-O 10. O-O Ne8 11. Nb5 Qb6 12. Qc2 Na6 13. a3 Nac7 14. Nc3 Qc6 15.
Rad1 a6 16. Rfe1 Bg4 17. Be2 Ne6 18. Nd5 Kh8 19. Qd2 Bxf3 20. Bxf3 Nd4 21. Bg4
f5 22. exf5 gxf5 23. Bh3 Nf6 24. Ne7 Nf3+ 25. gxf3 Qxf3 26. Bg2 Qg4 27. h3 Qh5
28. Qxd6 Rad8 29. Qxd8 Rxd8 30. Rxd8+ Ne8 31. Nc8 h6 32. Rexe8+ Kh7 33. Re7 1-0

[Event "FBL W"]
[Site "?"]
[Date "2018.11.17"]
[Round "3.5"]
[White "Braeutigam, Katerina"]
[Black "Moeller, Hannah"]
[Result "0-1"]
[WhiteElo "1647"]
[BlackElo "1847"]
[PlyCount "42"]
[EventDate "2018.10.27"]
[EventType "team-tourn"]
[EventCountry "GER"]
[WhiteTeam "Luebeck SV"]
[BlackTeam "Steinfurt SC"]
[WhiteTeamCountry "GER"]
[BlackTeamCountry "GER"]

1. f4 Nf6 2. g3 g6 3. Bg2 Bg7 4. e3 d6 5. Nf3 Nbd7 6. Nc3 O-O 7. O-O c6 8. Rb1
e5 9. fxe5 Nxe5 10. b3 Bg4 11. Bb2 h5 12. Qe1 Nxf3+ 13. Bxf3 Bxf3 14. Rxf3 Qd7
15. Qf1 Ng4 16. Ne4 d5 17. Nf6+ Nxf6 18. Rxf6 c5 19. Qf4 Qe7 20. Rd6 d4 21.
exd4 g5 0-1

[Event "FBL W"]
[Site "?"]
[Date "2018.11.18"]
[Round "4.1"]
[White "Meyer, Bettina"]
[Black "Leveikina, Jevgenija"]
[Result "0-1"]
[WhiteElo "1983"]
[BlackElo "2106"]
[PlyCount "64"]
[EventDate "2018.10.27"]
[EventType "team-tourn"]
[EventCountry "GER"]
[WhiteTeam "Hamburger SK II"]
[BlackTeam "Bochum SV Wattenscheid"]
[WhiteTeamCountry "GER"]
[BlackTeamCountry "GER"]

1. d4 d5 2. c4 c6 3. Nc3 Nf6 4. cxd5 cxd5 5. Bf4 Nc6 6. e3 e6 7. Bd3 Bd6 8.
Nge2 O-O 9. Rc1 e5 10. dxe5 Nxe5 11. Bb1 Ng6 12. Bxd6 Qxd6 13. a3 Nh4 14. Kf1
Qe5 15. Qa4 Qg5 16. Ng3 Bd7 17. Qd4 Rac8 18. Bd3 a6 19. Rd1 Bg4 20. Nce2 Rfd8
21. f4 Qh6 22. h3 Bd7 23. Nc3 Re8 24. Kf2 Rcd8 25. Rhe1 Nxg2 26. Bf1 Nh4 27.
Qd3 Bc6 28. Qd4 Nh5 29. Nce2 Re6 30. Nxh5 Qxh5 31. Ng3 Qf3+ 32. Kg1 Qxg3+ 0-1

[Event "FBL W"]
[Site "?"]
[Date "2018.11.18"]
[Round "4.2"]
[White "Plass, Mariana Camelia"]
[Black "Koellner, Felicitas Ophelia"]
[Result "1-0"]
[WhiteElo "2041"]
[BlackElo "1845"]
[PlyCount "99"]
[EventDate "2018.10.27"]
[EventType "team-tourn"]
[EventCountry "GER"]
[WhiteTeam "Bochum SV Wattenscheid"]
[BlackTeam "Hamburger SK II"]
[WhiteTeamCountry "GER"]
[BlackTeamCountry "GER"]

1. d4 d6 2. c4 e5 3. d5 f5 4. Nc3 Nf6 5. g3 Be7 6. Bg2 O-O 7. e4 a5 8. Nge2 Na6
9. Qc2 fxe4 10. Nxe4 Bf5 11. N2c3 Nc5 12. O-O Ncxe4 13. Nxe4 Nxe4 14. Bxe4 Bxe4
15. Qxe4 Bg5 16. b3 Bxc1 17. Raxc1 b6 18. Kg2 Qf6 19. Rc3 Qf5 20. Qxf5 Rxf5 21.
Rf3 Raf8 22. Rxf5 Rxf5 23. Re1 Kf7 24. a3 Ke7 25. f3 Kd7 26. b4 axb4 27. axb4
Rf8 28. Ra1 Re8 29. Kf2 e4 30. f4 h6 31. Ke3 g6 32. Kd4 e3 33. Re1 e2 34. Kd3
Ra8 35. Rxe2 c6 36. dxc6+ Kxc6 37. Re6 Rg8 38. Kd4 h5 39. b5+ Kc7 40. Kd5 g5
41. Re7+ Kc8 42. Kxd6 gxf4 43. gxf4 Rg6+ 44. Re6 Rg2 45. f5 Kd8 46. f6 Rf2 47.
h4 Rf4 48. Ke5 Rxc4 49. f7 Rc5+ 50. Kd6 1-0